000 00372nam a2200133Ia 4500
008 220217s9999||||xx |||||||||||||| ||und||
020 _a0-07-118457-0
082 _a005.73 SAH
100 _aSahani, Sartaj
245 0 _aData structures, algorithams, and applicationsin C++
260 _aTata Mcgraw hill
_bBosto
_c1998
300 _b326
650 _aDATA STRUCTURES
999 _c166146
_d166146